Úroveň spolupráce v regióne Piešťany medzi samosprávou a kúpeľným podnikom diplomová práca

Na minha lista:
Detalhes bibliográficos
Autor principal: Kajanová, Zuzana
Autor Corporativo: Obchodná fakulta EU. Katedra služieb a cestovného ruchu - zrušené
Outros Autores: Benešová, Dana, 1958-
Formato: Livro
Idioma:eslovaco
Publicado em: Bratislava 2009
Tags: Adicionar Tag
Sem tags, seja o primeiro a adicionar uma tag!

MARC

LEADER 00000nam$a2200000$$$4500
001 0099366
005 20240318140349.5
041 0 |a slo 
044 |a SK 
245 1 0 |a Úroveň spolupráce v regióne Piešťany medzi samosprávou a kúpeľným podnikom  |b diplomová práca  |c Zuzana Kajanová ; škol. Dana Benešová 
264 1 |a Bratislava  |c 2009 
300 |a 79 s. 
100 1 |a Kajanová, Zuzana 
700 1 |a Benešová, Dana, 1958- 
710 2 |a Obchodná fakulta EU. Katedra služieb a cestovného ruchu - zrušené